000 00731nam a22002417a 4500
003 UA-OsUOA
001 29754
007 ta
008 20041026b un ||||| |||| 00| 0 ukr d
100 _aБілецький П.
090 _a82.09(477)
_bБ61
942 _cBK
040 _aUA-OsUOA
_bukr
_cUA-OsUOA
_dUA-OsUOA
245 _aШевченко в Києві
_bбіографічний нарис
300 _a64 с.
_bІлюстрації
955 _a1
041 _aukr
080 _a82.09(477)
260 _aК.
_bДержавне видавництво художньої літератури
_c1962
044 _aUA
650 7 _a82 Література. Літературознавство
_2UDC
999 _c316152
_d316152